| 000 | 00581nam a22001937a 4500 | ||
|---|---|---|---|
| 005 | 20251108164344.0 | ||
| 008 | 250721s1996 xx 000 0 ara d | ||
| 082 | 1 | 4 | _a410.7/ربي |
| 100 | 1 | _aربيع، محمد أحمد | |
| 245 | 1 | 0 | _aأساسيات في اللغة العربية / |
| 264 | 1 |
_aعمان : _bدار الفكر للنشر والتوزيع، _c1996. |
|
| 300 | _a187ص. | ||
| 650 | 1 | 7 | _aاللغة العربية |
| 650 | 1 | 7 | _aالتعلم |
| 650 | 1 | 7 | _aالتربية |
| 700 | 1 | _aالرفاعي، مروح نايف | |
| 942 |
_2ddc _cBK |
||
| 999 |
_c10137 _d10137 |
||